Estatísticas para Novelas das 7 horas exibidas pela Rede Globo

Clique aqui para jogar o quiz

Estatísticas Gerais

  • Esse quiz foi jogado 567 vezes
    (240 desde o último reset)
  • A pontuação média é 54 de 98

Estatísticas das Respostas

Anos de ExibiçãoNovela% Correto
1985 - 1986Ti Ti Ti
86%
2010 - 2011Ti Ti Ti
86%
2012Cheias de Charme
82%
2006Cobras & Lagartos
82%
1983 - 1984Guerra dos Sexos
81%
2012 - 2013Guerra dos Sexos
81%
2009 - 2010Caras & Bocas
79%
2004Da Cor do Pecado
79%
2017 - 2018Pega Pega
78%
2003 - 2004Kubanacan
75%
2000 - 2001Uga-Uga
75%
2005 - 2006Bang Bang
73%
2016Haja Coração
73%
2015 - 2016Totalmente Demais
73%
1991 - 1992Vamp
72%
2002 - 2003O Beijo do Vampiro
71%
2010Tempos Modernos
71%
2023Vai na Fé
71%
2015I Love Paraisópolis
70%
2011Morde & Assopra
69%
2006 - 2007Pé na Jaca
69%
1986Cambalacho
68%
1989Que Rei Sou Eu?
67%
2005A Lua Me Disse
66%
1994A Viagem
66%
2008Beleza Pura
66%
1987Brega e Chique
66%
2007 - 2008Sete Pecados
66%
2011 - 2012Aquele Beijo
65%
1987 - 1988Sassaricando
65%
2013 - 2014Além do Horizonte
64%
2014Geração Brasil
63%
1990Mico Preto
63%
1994 - 1995Quatro por Quatro
63%
1989 - 1990Top Model
63%
2008 - 2009Três Irmãs
63%
2004 - 2005Começar de Novo
61%
1998Corpo Dourado
61%
1982Elas por Elas
61%
2016 - 2017Rock Story
61%
1997 - 1998Zazá
61%
1996 - 1997Salsa e Merengue
60%
2020 - 2021Salve-se Quem Puder
60%
2014 - 2015Alto Astral
59%
2001 - 2002As Filhas da Mãe
59%
2002Desejos de Mulher
59%
1992 - 1993Deus Nos Acuda
59%
2018Deus Salve o Rei
59%
2013Sangue Bom
59%
1990 - 1991Lua Cheia de Amor
57%
2001Um Anjo Caiu do Céu
56%
2019Verão 90
56%
1984 - 1985Vereda Tropical
56%
1999 - 2000Vila Madalena
56%
1988 - 1989Bebê a Bordo
55%
1993 - 1994Olho no Olho
55%
2018 - 2019O Tempo Não Para
55%
1980 - 1981Plumas e Paetês
55%
1992Perigosas Peruas
54%
1999Andando nas Nuvens
53%
2022 - 2023Cara e Coragem
53%
1982 - 1983Final Feliz
53%
1986 - 1987Hipertensão
53%
1993O Mapa da Mina
53%
1984Transas e Caretas
53%
1981 - 1982Jogo da Vida
52%
2021 - 2022Quanto Mais Vida, Melhor!
51%
1996Vira Lata
51%
1998 - 1999Meu Bem Querer
49%
2019 - 2020Bom Sucesso
48%
1978Te Contei?
48%
1995 - 1996Cara & Coroa
47%
1979Feijão Maravilha
47%
1980Chega Mais
44%
1976 - 1977Estúpido Cupido
43%
1985Um Sonho a Mais
43%
1979 - 1980Marron Glacê
41%
1977Locomotivas
40%
1978 - 1979Pecado Rasgado
40%
1976Anjo Mau
35%
1972O Primeiro Amor
33%
1974Supermanoela
33%
1971 - 1972Minha Doce Namorada
32%
1965Rosinha do Sobrado
32%
1977 - 1978Sem Lenço, sem Documento
32%
1965A Moreninha
31%
1973 - 1974Carinhoso
31%
1975Cuca Legal
31%
1981O Amor é Nosso
31%
1975 - 1976Bravo!
30%
1970Pigmalião 70
30%
1965 - 1966Padre Tião
29%
1972 - 1973Uma Rosa com Amor
29%
1974 - 1975Corrida do Ouro
26%
1969 - 1970A Cabana do Pai Tomás
25%
1968 - 1969A Grande Mentira
25%
1968O Santo Mestiço
23%
1970 - 1971A Próxima Atração
18%

Distribuição das Pontuações

Percentil de Números Respondidos

Porcentagem de Pessoas com Cada Pontuação

Sua Pontuação Histórica

Você não jogou esse quiz desde o último reset